书目信息 |
| 题名: |
堂吉诃德
|
|
| 作者: | 塞万提斯 著 ;杨绛, 译 | |
| 分册: | 下 | |
| 出版信息: | 北京 人民文学出版社 1987 |
|
| 页数: | 433页 | |
| 开本: | 21cm | |
| 丛书名: | 名著名译插图本 | |
| 单 册: | ||
| 中图分类: | I551.43 | |
| 科图分类: | ||
| 主题词: | 长篇小说--chang pian xiao shuo--西班牙--中世纪 | |
| 电子资源: | ||
| ISBN: | 7-02-003920-0 | |
| 000 | 01107nam 2200313 450 | |
| 001 | CAL 012003082492 | |
| 005 | 20061121105144.96 | |
| 010 | @a7-02-003920-0@dCNY 17.00 | |
| 099 | @aCAL 012003082492 | |
| 100 | @a20030421d1987 em y0chiy0120 ea | |
| 101 | 1 | @achi@cspa |
| 102 | @aCN@b110000 | |
| 105 | @aa z 000ay | |
| 200 | 1 | @a堂吉诃德@ATang Ji He De@h下@f(西班牙)塞万提斯著@F(xi ban ya)sai wan ti si zhu@g杨绛译 |
| 205 | @a第2版 | |
| 210 | @a北京@c人民文学出版社@d1987 | |
| 215 | @a433页@c图@d21cm | |
| 225 | 2 | @a名著名译插图本@Aming zhu ming yi cha tu ben |
| 306 | @a根据1952年马德里出版《西班牙古典丛书》中弗朗西斯戈·罗德利盖斯·马林编注本第六版翻译 | |
| 312 | @a西文并列题名取自版权页 | |
| 410 | 0 | @12001 @a名著名译插图本 |
| 510 | 1 | @aEI ingenioso hidalgo don quijote de la mancha@zspa |
| 606 | 0 | @a长篇小说@Achang pian xiao shuo@y西班牙@z中世纪 |
| 690 | @aI551.43@v4 | |
| 701 | 1 | @a塞万提斯@ASaiwantisi@g(Cervantes Saavedra, Miguel de),@f1547-1616@4著 |
| 702 | 0 | @a杨绛,@AYang Jiang@f1911-@4译 |
| 801 | @aCN@c20061121 | |
| 905 | @apdsgxy@dI551.43@eS015:2 | |
| 998 | @aXH | |
| 堂吉诃德.下/(西班牙)塞万提斯著/杨绛译.-第2版.-北京:人民文学出版社,1987 |
| 433页:图;21cm.-(名著名译插图本) |
| ISBN 7-02-003920-0:CNY 17.00 |
| ● |
| 相关链接 |
|
|
|
正题名:堂吉诃德
索取号:I551.43/S015:2
 
预约/预借
| 序号 | 登录号 | 条形码 | 馆藏地/架位号 | 状态 | 备注 |
| 1 | 612770 | 206127706 | 社科二线400B/116文学库 19排1列3层/ [索取号:I551.43/S015:2] | 在馆 | |
| 2 | 612771 | 206127715 | 社科二线400B/400B社科库 24排3列1层/ [索取号:I551.43/S015:2] | 在馆 | |
| 3 | 612772 | 206127724 | 社科二线400B/400B社科库 16排3列6层/ [索取号:I551.43/S015:2] | 在馆 |